000 00403cam a2200145ua 4500
041 _amal
_h
082 _a894.8122
_bSHA/MA
100 _aShakespeare, William.
245 _aMadhya greeshmakala rathriyile oru swapnam /
_cWilliam Shakespeare.
_hTextual Documents
260 _aKottayam :
_bVidyarthi Mithram Book Depo ,
_c1961.
300 _a150 ; .
504 _a
942 _cBK
999 _c6598
_d6598